Chuyện xưa - Chuyện nay
Gồm những câu hỏi và trả lời qua chuyên mục "Chuyện xưa - Chuyện nay" đăng đều kỳ trên Nguyệt san pháp luật Tp. Hồ Chí Minh.
Đã lưu trong:
| Tác giả chính: | |
|---|---|
| Định dạng: | Sách |
| Ngôn ngữ: | Undetermined |
| Được phát hành: |
Thành phố Hồ Chí Minh
Tổng hợp Thành phố Hồ Chí Minh
2010
|
| Những chủ đề: | |
| Các nhãn: |
Thêm thẻ
Không có thẻ, Là người đầu tiên thẻ bản ghi này!
|
| Thư viện lưu trữ: | Trung tâm Học liệu Trường Đại học Cần Thơ |
|---|
| LEADER | 00763nam a2200205Ia 4500 | ||
|---|---|---|---|
| 001 | CTU_222891 | ||
| 008 | 210402s9999 xx 000 0 und d | ||
| 020 | |c 85000 | ||
| 082 | |a 070.4 | ||
| 082 | |b A107 | ||
| 100 | |a Anh Phó | ||
| 245 | 0 | |a Chuyện xưa - Chuyện nay | |
| 245 | 0 | |c Anh Phó | |
| 260 | |a Thành phố Hồ Chí Minh | ||
| 260 | |b Tổng hợp Thành phố Hồ Chí Minh | ||
| 260 | |c 2010 | ||
| 520 | |a Gồm những câu hỏi và trả lời qua chuyên mục "Chuyện xưa - Chuyện nay" đăng đều kỳ trên Nguyệt san pháp luật Tp. Hồ Chí Minh. | ||
| 650 | |a Journalism,Nghề làm báo | ||
| 904 | |i Hải | ||
| 980 | |a Trung tâm Học liệu Trường Đại học Cần Thơ | ||